Mastering ansible : (Record no. 28343)
[ view plain ]
| 000 -LEADER | |
|---|---|
| fixed length control field | 01717nam a2200301 i 4500 |
| 003 - CONTROL NUMBER IDENTIFIER | |
| control field | CSPC |
| 005 - DATE AND TIME OF LATEST TRANSACTION | |
| control field | 20241008160650.0 |
| 008 - FIXED-LENGTH DATA ELEMENTS--GENERAL INFORMATION | |
| fixed length control field | 241008s2021 -uka 001 0 eng d |
| 020 ## - INTERNATIONAL STANDARD BOOK NUMBER | |
| International Standard Book Number | 9781801818780 |
| 040 ## - CATALOGING SOURCE | |
| Transcribing agency | CSPC |
| Original cataloging agency | CSPC |
| Language of cataloging | eng |
| Description conventions | rda |
| 050 #4 - LIBRARY OF CONGRESS CALL NUMBER | |
| Classification number | T58.5 |
| 082 04 - DEWEY DECIMAL CLASSIFICATION NUMBER | |
| Classification number | 658.4038 |
| Item number | F877m |
| Edition number | 23 |
| 100 1# - MAIN ENTRY--PERSONAL NAME | |
| Personal name | Freeman, James, |
| Relator term | author. |
| 245 10 - TITLE STATEMENT | |
| Title | Mastering ansible : |
| Remainder of title | automate configuration management and overcome deployment challenges with ansible / |
| Statement of responsibility, etc. | James Freeman and Jesse Keating. |
| 250 ## - EDITION STATEMENT | |
| Edition statement | Fourth edition. |
| 264 31 - PRODUCTION, PUBLICATION, DISTRIBUTION, MANUFACTURE, AND COPYRIGHT NOTICE | |
| Place of production, publication, distribution, manufacture | Birmingham, UK : |
| Name of producer, publisher, distributor, manufacturer | Packt Publishing Ltd., |
| Date of production, publication, distribution, manufacture, or copyright notice | 2021. |
| 300 ## - PHYSICAL DESCRIPTION | |
| Extent | xvii, 521 pages : |
| Other physical details | illustrations ; |
| Dimensions | 24 cm. |
| 336 ## - CONTENT TYPE | |
| Content type term | text |
| Source | rdacontent |
| 337 ## - MEDIA TYPE | |
| Media type term | unmediated |
| Source | rdamedia |
| 338 ## - CARRIER TYPE | |
| Carrier type term | volume |
| Source | rdacarrier |
| 500 ## - GENERAL NOTE | |
| General note | Includes index. |
| 505 0# - FORMATTED CONTENTS NOTE | |
| Formatted contents note | Ansible overview and fundamentals -- The system architecture and design of ansible -- Migrating form earlier ansible versions -- Protecting your secrets with ansible -- Ansible and windows - not just for Linux -- Infrastructure management for enterprises with AWX -- Writing and troubleshooting ansible playbooks -- Unlocking the power of Jinja2 templates -- Controlling task conditions -- Composing reusable ansible content with roles -- Troubleshooting ansible -- Extending ansible -- Orchestration with ansible -- Minimizing downtime with rolling deployments -- Infrastructure provisioning -- Network automation. |
| 650 #0 - SUBJECT ADDED ENTRY--TOPICAL TERM | |
| Topical term or geographic name entry element | Information technology |
| Form subdivision | Automation. |
| 650 #0 - SUBJECT ADDED ENTRY--TOPICAL TERM | |
| Topical term or geographic name entry element | Information technology |
| Form subdivision | Management. |
| 700 1# - ADDED ENTRY--PERSONAL NAME | |
| Personal name | Keating, Jesse, |
| Relator term | author. |
| 942 ## - ADDED ENTRY ELEMENTS (KOHA) | |
| Source of classification or shelving scheme | Dewey Decimal Classification |
| Suppress in OPAC | No |
| Koha item type | Books |
| Classification part | 658.4038 |
| Call number prefix | GRD |
| Call number suffix | 2021 |
| Edition | 23 |
| Withdrawn status | Lost status | Source of classification or shelving scheme | Damaged status | Not for loan | Home library | Current library | Shelving location | Date acquired | Total Checkouts | Full call number | Barcode | Date last seen | Copy number | Price effective from | Koha item type |
|---|---|---|---|---|---|---|---|---|---|---|---|---|---|---|---|
| Dewey Decimal Classification | Main Library | Main Library | Graduate School Library | 10/08/2024 | GRD 658.4038 F877m 2021 | 028376 | 10/08/2024 | 1-1 | 10/08/2024 | Books |